| 000 | 00786nam a22001695i 4500 | ||
|---|---|---|---|
| 001 | 161814 | ||
| 003 | ES-MaACL | ||
| 005 | 20251111063351.0 | ||
| 008 | 041022s1871 sp |||| | spa d | ||
| 040 |
_aCAM _bspa _cCAM |
||
| 100 | 1 |
_aPérez Echevarría, Francisco, _d1842-1884 _9131463 |
|
| 245 | 1 | 0 |
_aVeturia _b: tragedia en un acto y en verso / _coriginal de Francisco Pérez Echevarría. |
| 260 |
_aMadrid : _b[s.n.], _c1871 ( _fImprenta de Gabriel Alhambra) |
||
| 300 |
_a30 p. ; _c19 cm. |
||
| 852 |
_aES-MaACL _jF-8575(4) _z-- Enc. pasta española _z-- Dedicatoria ms. del autor: "A mi querido amigo Sr. D. Emilio Alcaraz _q-- Falto de la cub. original _z-- Enc. en un vol. facticio formando parta de la Col. "Teatro español moderno" vol. 28 |
||
| 999 |
_c161814 _d161814 |
||